[Event "Gibraltar Chess Festival 2017 - Masters"]
[Site "Gibraltar ENG"]
[Date "2017.01.24"]
[Round "1.94"]
[White "Roman Lopez, Jesus"]
[Black "Carlstedt, Jonathan"]
[Result "0-1"]
[WhiteElo "1962"]
[BlackElo "2413"]
[PlyCount "60"]
[EventDate "2017.01.24"]
[EventType "swiss"]
[EventRounds "10"]
[EventCountry "ENG"]
[SourceTitle "Ajedrez en Madrid"]
[Source "lmi"]
[SourceDate "2017.01.24"]

1. e4 e5 2. Nf3 Nc6 3. Bb5 a6 4. Ba4 Nf6 5. d4 exd4 6. O-O Be7 7. Re1 b5 8. e5
Nxe5 9. Bxb5 Nxf3+ 10. Qxf3 Rb8 11. Ba4 O-O 12. Bg5 d5 13. Nd2 Be6 14. Qd3 Qd6
15. Bh4 Qb4 16. Bb3 c5 17. a3 c4 18. Qxd4 Qc5 19. Bxf6 gxf6 20. Qxc5 Bxc5 21.
Ba4 Rxb2 22. Kf1 Bf5 23. Rec1 Bd4 24. Ke2 Bxc2 25. Bxc2 Rxc2 26. Rxc2 Re8+ 27.
Kf3 Bxa1 28. Nxc4 dxc4 29. Rxc4 Re5 30. Rc6 Ra5 0-1

[Event "Gibraltar Chess Festival 2017 - Masters"]
[Site "Gibraltar ENG"]
[Date "2017.01.24"]
[Round "1.95"]
[White "Shvayger, Yuliya"]
[Black "Skutta, Bernd"]
[Result "1-0"]
[WhiteElo "2413"]
[BlackElo "1957"]
[PlyCount "67"]
[EventDate "2017.01.24"]
[EventType "swiss"]
[EventRounds "10"]
[EventCountry "ENG"]
[SourceTitle "Ajedrez en Madrid"]
[Source "lmi"]
[SourceDate "2017.01.24"]

1. e4 d6 2. d4 Nf6 3. Nc3 e5 4. Nf3 Nbd7 5. Bc4 Be7 6. O-O O-O 7. Re1 c6 8. a4
h6 9. h3 Qc7 10. Be3 Nxe4 11. Nxe4 d5 12. Bxd5 cxd5 13. Nc3 Qa5 14. dxe5 Bb4
15. Bd4 Nb6 16. Qd3 Bd7 17. Reb1 Rac8 18. Bxb6 axb6 19. Nxd5 Be6 20. c4 Qc5 21.
b3 Bxd5 22. cxd5 Qc2 23. Rd1 Rfd8 24. Qb5 Bc5 25. Rd2 Qe4 26. Rad1 g5 27. Qd3
Qf4 28. Re2 Rc6 29. Re4 Qf5 30. Qe2 Rcc8 31. b4 Bf8 32. d6 Qd7 33. b5 Rc5 34.
h4 1-0

[Event "Gibraltar Chess Festival 2017 - Masters"]
[Site "Gibraltar ENG"]
[Date "2017.01.24"]
[Round "1.96"]
[White "Green, Per"]
[Black "Pustovoitova, Daria"]
[Result "0-1"]
[WhiteElo "1956"]
[BlackElo "2407"]
[PlyCount "112"]
[EventDate "2017.01.24"]
[EventType "swiss"]
[EventRounds "10"]
[EventCountry "ENG"]
[SourceTitle "Ajedrez en Madrid"]
[Source "lmi"]
[SourceDate "2017.01.24"]

1. Nf3 d5 2. c4 d4 3. e3 Nc6 4. Nxd4 Nxd4 5. exd4 Qxd4 6. Nc3 Nf6 7. Nb5 Qb6 8.
d4 c6 9. Nc3 Bg4 10. f3 Bf5 11. Na4 Qc7 12. Bd3 Rd8 13. Bxf5 Qa5+ 14. Nc3 Qxf5
15. O-O e6 16. Be3 Bd6 17. g4 Qa5 18. g5 Nh5 19. f4 g6 20. Ne4 Qf5 21. Qf3 h6
22. Rae1 hxg5 23. Nxd6+ Rxd6 24. fxg5 Qxf3 25. Rxf3 Ng7 26. d5 Rh4 27. Bf4 Rd7
28. Be5 Nf5 29. dxe6 fxe6 30. Bg3 Rg4 31. Rxe6+ Kf7 32. Re2 Rxc4 33. h3 Re7 34.
Rxe7+ Kxe7 35. Be5 Rc1+ 36. Rf1 Rxf1+ 37. Kxf1 Ke6 38. Bf4 Kd5 39. Kf2 Ke4 40.
Bd2 c5 41. Bc3 b5 42. a3 a6 43. Be1 c4 44. Bc3 Nd4 45. h4 Nf5 46. h5 gxh5 47.
g6 Ne7 48. g7 Kf5 49. Bb4 Ng8 50. Kg3 Kg6 51. Bc3 Ne7 52. Kh3 Kh7 53. Kh4 Kh6
54. Kh3 Kg6 55. Be5 Kf7 56. Kh4 Ng6+ 0-1

[Event "Gibraltar Chess Festival 2017 - Masters"]
[Site "Gibraltar ENG"]
[Date "2017.01.24"]
[Round "1.97"]
[White "Vega Gutierrez, Sabrina"]
[Black "Boerkamp, Harry"]
[Result "1-0"]
[WhiteElo "2406"]
[BlackElo "1955"]
[PlyCount "45"]
[EventDate "2017.01.24"]
[EventType "swiss"]
[EventRounds "10"]
[EventCountry "ENG"]
[SourceTitle "Ajedrez en Madrid"]
[Source "lmi"]
[SourceDate "2017.01.24"]

1. e4 e5 2. Nf3 Nc6 3. Bc4 Nf6 4. d3 Be7 5. O-O d6 6. a4 O-O 7. a5 a6 8. Nc3
Bg4 9. h3 Be6 10. Nd5 h6 11. c3 Qd7 12. Re1 Bxd5 13. exd5 Nd8 14. d4 exd4 15.
Nxd4 Re8 16. Bb3 c6 17. c4 cxd5 18. Ba4 Nc6 19. cxd5 Nxd5 20. Nxc6 bxc6 21.
Qxd5 Bh4 22. Be3 Rxe3 23. Rxe3 1-0

[Event "Gibraltar Chess Festival 2017 - Masters"]
[Site "Gibraltar ENG"]
[Date "2017.01.24"]
[Round "1.98"]
[White "Van Kemenade, Rudy"]
[Black "Docx, Stefan"]
[Result "0-1"]
[WhiteElo "1955"]
[BlackElo "2405"]
[PlyCount "98"]
[EventDate "2017.01.24"]
[EventType "swiss"]
[EventRounds "10"]
[EventCountry "ENG"]
[SourceTitle "Ajedrez en Madrid"]
[Source "lmi"]
[SourceDate "2017.01.24"]

1. f4 d5 2. Nf3 Bg4 3. e3 Nd7 4. h3 Bxf3 5. Qxf3 e6 6. c4 c6 7. Nc3 Bb4 8. a3
Bxc3 9. bxc3 Ngf6 10. a4 O-O 11. Rb1 Qa5 12. Ba3 Rfe8 13. cxd5 exd5 14. Rxb7
Qxa4 15. Bd6 Re6 16. Bc7 Ne4 17. f5 Re7 18. Rb1 Ndc5 19. Bf4 Qc2 20. Qd1 Nd3+
21. Bxd3 Qxd3 22. Rb2 Qa6 23. Qb1 Rae8 24. Qa2 Qd3 25. Qb1 Qc4 26. Qa2 Rd7 27.
g4 g5 28. fxg6 fxg6 29. Qxc4 dxc4 30. h4 a5 31. Ra2 Red8 32. Rxa5 Rxd2 33. O-O
Nxc3 34. Bg5 Re8 35. e4 Rc2 36. e5 Ne2+ 37. Kh2 Nd4+ 38. Kg3 Nb5 39. Bh6 Re2
40. Ra6 Nd4 41. Ra7 Ne6 42. Rc1 Rb8 43. Kf3 Rh2 44. Re7 Rb3+ 45. Be3 Nf8 46.
Kf4 g5+ 47. hxg5 Ng6+ 48. Kg3 Re2 49. Ra7 Rbxe3# 0-1

[Event "Gibraltar Chess Festival 2017 - Masters"]
[Site "Gibraltar ENG"]
[Date "2017.01.24"]
[Round "1.99"]
[White "Perez Garcia, Alejandro"]
[Black "Cramling Bellon, Anna"]
[Result "1-0"]
[WhiteElo "2398"]
[BlackElo "1954"]
[PlyCount "81"]
[EventDate "2017.01.24"]
[EventType "swiss"]
[EventRounds "10"]
[EventCountry "ENG"]
[SourceTitle "Ajedrez en Madrid"]
[Source "lmi"]
[SourceDate "2017.01.24"]

1. d4 d5 2. Nf3 c6 3. Bf4 Qb6 4. Qc1 Nf6 5. h3 Bf5 6. e3 Nbd7 7. g4 Bg6 8. Nh4
e6 9. Be2 c5 10. c3 Rc8 11. Nd2 Be7 12. a4 a6 13. a5 Qd8 14. Nxg6 hxg6 15. Qc2
cxd4 16. exd4 Nb8 17. Qb3 Qd7 18. Bxb8 Rxb8 19. Bxa6 Qd6 20. Be2 Qf4 21. Qb5+
Kf8 22. Qd3 Ne4 23. Nxe4 dxe4 24. Qg3 Qxg3 25. fxg3 Bd6 26. Kf2 Ke7 27. Kg2
Rhc8 28. c4 Rd8 29. c5 Bc7 30. Rhd1 f5 31. b4 Rd5 32. b5 e5 33. b6 Bd8 34. Ra4
exd4 35. Raxd4 Rxc5 36. gxf5 Rxa5 37. fxg6 Re5 38. Rd7+ Ke8 39. Rxg7 Rf5 40.
Rg8+ Rf8 41. Bb5+ 1-0

[Event "Gibraltar Chess Festival 2017 - Masters"]
[Site "Gibraltar ENG"]
[Date "2017.01.24"]
[Round "1.100"]
[White "Tranter, Stephen"]
[Black "Batchimeg, Tuvshintugs"]
[Result "0-1"]
[WhiteElo "1950"]
[BlackElo "2390"]
[PlyCount "86"]
[EventDate "2017.01.24"]
[EventType "swiss"]
[EventRounds "10"]
[EventCountry "ENG"]
[SourceTitle "Ajedrez en Madrid"]
[Source "lmi"]
[SourceDate "2017.01.24"]

1. e4 e6 2. b3 b6 3. Bb2 Bb7 4. Qe2 Nf6 5. d3 d5 6. e5 Nfd7 7. f4 c5 8. Nf3 d4
9. g3 Nc6 10. Bg2 Ne7 11. Nbd2 Nf5 12. Nh4 Bxg2 13. Nxg2 h5 14. Nf3 Be7 15. Qe4
g6 16. Rd1 Rc8 17. O-O Nb8 18. Bc1 Na6 19. a3 Nc7 20. Bd2 Nd5 21. Qe1 b5 22. h3
c4 23. bxc4 bxc4 24. g4 hxg4 25. hxg4 Nh6 26. Qg3 cxd3 27. cxd3 Bc5 28. f5 gxf5
29. Bxh6 Rxh6 30. gxf5 Qe7 31. Rde1 Kd7 32. Rb1 Bb6 33. f6 Qf8 34. Rfc1 Rg6 35.
Qf2 Ne3 36. Nfh4 Rxc1+ 37. Rxc1 Qxa3 38. Nxg6 Qxc1+ 39. Ne1 Ba5 40. Qf3 Qxe1+
41. Kh2 Qd2+ 42. Kh3 Nd5 43. Ne7 Qe3 0-1

[Event "Gibraltar Chess Festival 2017 - Masters"]
[Site "Gibraltar ENG"]
[Date "2017.01.24"]
[Round "1.101"]
[White "Guerra Rivera, Salvador"]
[Black "Obiamiwe, Paul"]
[Result "1-0"]
[WhiteElo "2389"]
[BlackElo "1926"]
[PlyCount "55"]
[EventDate "2017.01.24"]
[EventType "swiss"]
[EventRounds "10"]
[EventCountry "ENG"]
[SourceTitle "Ajedrez en Madrid"]
[Source "lmi"]
[SourceDate "2017.01.24"]

1. e4 e5 2. Nf3 Nc6 3. Bb5 a6 4. Bxc6 dxc6 5. O-O Qf6 6. d4 exd4 7. Bg5 Qd6 8.
Nxd4 Be7 9. Be3 Qg6 10. Nc3 Nf6 11. f3 O-O 12. Qe2 c5 13. Nb3 b6 14. e5 Ne8 15.
Nd5 Bd8 16. Rad1 Bb7 17. Bc1 a5 18. Nf4 Qf5 19. g4 Qc8 20. e6 Be7 21. Rd7 c4
22. Rxe7 cxb3 23. exf7+ Rxf7 24. Rxf7 Kxf7 25. Qc4+ Kf6 26. Re1 Qd7 27. Re6+
Kg5 28. Ng2+ 1-0

[Event "Gibraltar Chess Festival 2017 - Masters"]
[Site "Gibraltar ENG"]
[Date "2017.01.24"]
[Round "1.102"]
[White "Miracola, Giorgia"]
[Black "Milliet, Sophie"]
[Result "0-1"]
[WhiteElo "1924"]
[BlackElo "2387"]
[PlyCount "70"]
[EventDate "2017.01.24"]
[EventType "swiss"]
[EventRounds "10"]
[EventCountry "ENG"]
[SourceTitle "Ajedrez en Madrid"]
[Source "lmi"]
[SourceDate "2017.01.24"]

1. e4 c5 2. Nf3 e6 3. d4 cxd4 4. Nxd4 Nc6 5. Nc3 Qc7 6. Be3 a6 7. Bd3 Nf6 8.
O-O b5 9. Nxc6 Qxc6 10. f3 b4 11. Ne2 Bc5 12. Bxc5 Qxc5+ 13. Kh1 e5 14. Ng3 d6
15. Qe2 h5 16. Qf2 Qc7 17. Rac1 h4 18. Ne2 Be6 19. c4 Nd7 20. Qe3 Nc5 21. Bb1
Bd7 22. Rfd1 a5 23. Qd2 Qb6 24. Qg5 Kf8 25. Rc2 Re8 26. Rcd2 Re6 27. h3 Rg6 28.
Qe3 Rh5 29. f4 Bc6 30. f5 Rf6 31. Ng1 g6 32. Qe2 Rg5 33. Nf3 Rg3 34. Nxh4 gxf5
35. exf5 Rxh3+ 0-1

[Event "Gibraltar Chess Festival 2017 - Masters"]
[Site "Gibraltar ENG"]
[Date "2017.01.24"]
[Round "1.103"]
[White "Tsolakidou, Stavroula"]
[Black "Gamboa Alvarado, Olga Leticia"]
[Result "1/2-1/2"]
[WhiteElo "2387"]
[BlackElo "1913"]
[PlyCount "72"]
[EventDate "2017.01.24"]
[EventType "swiss"]
[EventRounds "10"]
[EventCountry "ENG"]
[SourceTitle "Ajedrez en Madrid"]
[Source "lmi"]
[SourceDate "2017.01.24"]

1. d4 Nf6 2. c4 e6 3. g3 Bb4+ 4. Nd2 d5 5. Bg2 O-O 6. Ngf3 Nbd7 7. O-O c6 8.
Qc2 Re8 9. e4 e5 10. exd5 cxd5 11. cxd5 exd4 12. Qc4 Bf8 13. Qxd4 Nb6 14. b3
Qxd5 15. Bb2 Qxd4 16. Nxd4 Bc5 17. Rac1 Bb4 18. Nc4 Nxc4 19. Rxc4 Bd6 20. Nb5
Be5 21. Nc7 Bxc7 22. Rxc7 Re2 23. Rfc1 Be6 24. Bd4 Rxa2 25. Rxb7 Rd8 26. b4 a6
27. Bb6 Re8 28. Bc6 Rc8 29. Rc7 Rxc7 30. Bxc7 h6 31. Ba5 Nd5 32. Bb7 Ra4 33.
Bc6 Ra2 34. Bb7 Ra4 35. Bc6 Ra2 36. Bb7 Ra4 1/2-1/2

[Event "Gibraltar Chess Festival 2017 - Masters"]
[Site "Gibraltar ENG"]
[Date "2017.01.24"]
[Round "1.104"]
[White "Slinger, Tony J"]
[Black "Garriga Cazorla, Pere"]
[Result "0-1"]
[WhiteElo "1911"]
[BlackElo "2386"]
[PlyCount "70"]
[EventDate "2017.01.24"]
[EventType "swiss"]
[EventRounds "10"]
[EventCountry "ENG"]
[SourceTitle "Ajedrez en Madrid"]
[Source "lmi"]
[SourceDate "2017.01.24"]

1. e4 c5 2. Nf3 d6 3. d4 cxd4 4. Nxd4 Nf6 5. Nc3 a6 6. h3 e5 7. Nb3 Be6 8. g4
Nc6 9. Bg2 Be7 10. Be3 O-O 11. O-O b5 12. Nd5 Rc8 13. c3 Nd7 14. Qd2 Bxd5 15.
exd5 Na5 16. Nxa5 Qxa5 17. Rfc1 Bd8 18. a4 Bb6 19. axb5 Bxe3 20. fxe3 Qxb5 21.
Bf1 Qb8 22. b4 f5 23. Rxa6 fxg4 24. hxg4 Nf6 25. Qe2 Ne4 26. Qe1 Qb7 27. Ra5
Qd7 28. Be2 Rf2 29. c4 Qd8 30. Qxf2 Nxf2 31. Kxf2 Qb6 32. Rb5 Rf8+ 33. Bf3 Qa7
34. c5 e4 35. c6 Qa2+ 0-1

[Event "Gibraltar Chess Festival 2017 - Masters"]
[Site "Gibraltar ENG"]
[Date "2017.01.24"]
[Round "1.105"]
[White "Ladron De Guevara Pinto, Paolo"]
[Black "Robson, Paul E"]
[Result "1-0"]
[WhiteElo "2386"]
[BlackElo "1897"]
[PlyCount "101"]
[EventDate "2017.01.24"]
[EventType "swiss"]
[EventRounds "10"]
[EventCountry "ENG"]
[SourceTitle "Ajedrez en Madrid"]
[Source "lmi"]
[SourceDate "2017.01.24"]

1. e4 c5 2. Nf3 Nc6 3. d4 cxd4 4. Nxd4 g6 5. Nc3 Bg7 6. Be3 Nf6 7. Bc4 O-O 8.
Bb3 a5 9. O-O d6 10. h3 Nxd4 11. Bxd4 Bd7 12. a4 Bc6 13. Qd3 Nd7 14. Bxg7 Kxg7
15. f4 Nc5 16. Qd4+ Kg8 17. Bd5 Qb6 18. b3 Nd7 19. Qxb6 Nxb6 20. Bxc6 bxc6 21.
Rad1 Rfd8 22. Rfe1 Kf8 23. Kf2 Rac8 24. e5 d5 25. e6 Rd6 26. exf7 Kxf7 27. g4
Rf6 28. Kg3 Re8 29. Re2 Re6 30. Rxe6 Kxe6 31. h4 Kf6 32. g5+ Kf7 33. Rf1 e6 34.
Ne2 c5 35. Nc3 Ke7 36. h5 Kf7 37. Kh4 Rc8 38. Nb5 Rc6 39. Re1 Nc8 40. hxg6+
hxg6 41. Kg4 Nd6 42. Nxd6+ Rxd6 43. Rh1 Kg7 44. Rh3 d4 45. Rd3 Rd5 46. Kf3 Rf5
47. Ke4 e5 48. fxe5 Rxg5 49. Kd5 Rg2 50. e6 Rxc2 51. e7 1-0

[Event "Gibraltar Chess Festival 2017 - Masters"]
[Site "Gibraltar ENG"]
[Date "2017.01.24"]
[Round "1.106"]
[White "Minnema, Rens"]
[Black "Mihajlov, Sebastian"]
[Result "1/2-1/2"]
[WhiteElo "1893"]
[BlackElo "2384"]
[PlyCount "111"]
[EventDate "2017.01.24"]
[EventType "swiss"]
[EventRounds "10"]
[EventCountry "ENG"]
[SourceTitle "Ajedrez en Madrid"]
[Source "lmi"]
[SourceDate "2017.01.24"]

1. e4 e6 2. d4 d5 3. exd5 exd5 4. Bd3 Nc6 5. c3 Bd6 6. Nf3 Bg4 7. O-O Nge7 8.
Re1 Qd7 9. Bg5 f6 10. Bh4 O-O-O 11. Bg3 g5 12. Nbd2 h5 13. b4 Bxg3 14. fxg3
Rde8 15. b5 Nd8 16. Nb3 Ne6 17. Nc5 Qd6 18. Nxe6 Bxe6 19. Qc2 h4 20. gxh4 g4
21. Nd2 Rxh4 22. g3 Rhh8 23. Nb3 b6 24. a4 Kb8 25. a5 Nc8 26. axb6 cxb6 27. Nc1
Bd7 28. Na2 f5 29. Bxf5 Bxb5 30. Nb4 a5 31. Nd3 Bxd3 32. Qxd3 Qh6 33. Re2 Rxe2
34. Qxe2 Nd6 35. Bxg4 Re8 36. Qf2 Ne4 37. Qf4+ Qxf4 38. gxf4 Nxc3 39. f5 a4 40.
Ra3 Rg8 41. h3 Ne2+ 42. Kf2 Nxd4 43. Rxa4 Nc6 44. f6 Rf8 45. Rf4 Kc7 46. f7 Ne5
47. Ke3 Rxf7 48. Rxf7+ Nxf7 49. Be6 Ng5 50. Bxd5 Nxh3 51. Kd4 Kd6 52. Bb3 Nf4
53. Kc4 Nd5 54. Kb5 Nb4 55. Kxb4 b5 56. Kxb5 1/2-1/2

[Event "Gibraltar Chess Festival 2017 - Masters"]
[Site "Gibraltar ENG"]
[Date "2017.01.24"]
[Round "1.107"]
[White "Herman, Matthew J"]
[Black "Gluckman, Paul"]
[Result "1-0"]
[WhiteElo "2383"]
[BlackElo "1831"]
[PlyCount "77"]
[EventDate "2017.01.24"]
[EventType "swiss"]
[EventRounds "10"]
[EventCountry "ENG"]
[SourceTitle "Ajedrez en Madrid"]
[Source "lmi"]
[SourceDate "2017.01.24"]

1. e4 c5 2. Nf3 Nc6 3. Bb5 e6 4. Bxc6 bxc6 5. Qe2 d5 6. d3 Nf6 7. Nbd2 Be7 8.
b3 O-O 9. Bb2 Qa5 10. Ne5 Bb7 11. c4 Rad8 12. O-O Qc7 13. f4 Bd6 14. g3 Ne8 15.
Rf2 a5 16. a4 Qb6 17. Ng4 d4 18. h3 f5 19. Nh2 e5 20. Raf1 exf4 21. gxf4 fxe4
22. dxe4 Bc8 23. Rf3 Be7 24. f5 Bg5 25. Qg2 Be3+ 26. Kh1 Qc7 27. Ng4 Bxd2 28.
Qxd2 Nf6 29. Nxf6+ Rxf6 30. Bc1 Re8 31. Rf4 Bd7 32. Rg4 Re7 33. Rfg1 h6 34. Qg2
Bxf5 35. exf5 Rxf5 36. Bxh6 Rh5 37. Rxg7+ Rxg7 38. Bxg7 Qd7 39. Bf6+ 1-0

[Event "Gibraltar Chess Festival 2017 - Masters"]
[Site "Gibraltar ENG"]
[Date "2017.01.24"]
[Round "1.108"]
[White "Koes, Richard"]
[Black "Jessel, Stephen"]
[Result "0-1"]
[WhiteElo "1830"]
[BlackElo "2382"]
[PlyCount "120"]
[EventDate "2017.01.24"]
[EventType "swiss"]
[EventRounds "10"]
[EventCountry "ENG"]
[SourceTitle "Ajedrez en Madrid"]
[Source "lmi"]
[SourceDate "2017.01.24"]

1. e4 e6 2. d4 d5 3. Nd2 Nf6 4. e5 Nfd7 5. f4 c5 6. Ngf3 Nc6 7. c3 cxd4 8. Nxd4
Nxd4 9. cxd4 Qb6 10. Nf3 Nb8 11. Bd3 Nc6 12. Qe2 Bd7 13. a3 Rc8 14. O-O Nxd4
15. Nxd4 Bc5 16. Be3 Bxd4 17. Bxd4 Qxd4+ 18. Kh1 O-O 19. Rad1 Qc5 20. Rf3 f5
21. exf6 Rxf6 22. Rdf1 Qd6 23. Qf2 a6 24. Qh4 Rh6 25. Qg5 Be8 26. h3 Bg6 27. f5
exf5 28. Bxf5 Re8 29. Re3 Rxe3 30. Qxe3 Bxf5 31. Qe8+ Qf8 32. Qxf8+ Kxf8 33.
Rxf5+ Ke7 34. Rxd5 Rd6 35. Re5+ Re6 36. Rc5 Rc6 37. Re5+ Re6 38. Rc5 Kd6 39.
Rc2 Re7 40. g3 Kd5 41. Kg2 Kd4 42. Rd2+ Kc4 43. Kf2 Kb3 44. Kf3 b5 45. g4 a5
46. h4 b4 47. axb4 axb4 48. h5 Ka2 49. Kf4 b3 50. Kf5 Rc7 51. Ke6 Rc4 52. Kf5
h6 53. Rd7 Kxb2 54. Rxg7 Kc3 55. Re7 b2 56. Re1 Kb3 57. Rb1 Ka2 58. Re1 b1=Q+
59. Rxb1 Kxb1 60. Kg6 Rc6+ 0-1

[Event "Gibraltar Chess Festival 2017 - Masters"]
[Site "Gibraltar ENG"]
[Date "2017.01.24"]
[Round "1.109"]
[White "Godart, Francois"]
[Black "Lochte, Szilvia"]
[Result "1-0"]
[WhiteElo "2381"]
[BlackElo "1829"]
[PlyCount "65"]
[EventDate "2017.01.24"]
[EventType "swiss"]
[EventRounds "10"]
[EventCountry "ENG"]
[SourceTitle "Ajedrez en Madrid"]
[Source "lmi"]
[SourceDate "2017.01.24"]

1. d4 d5 2. Nf3 Nf6 3. e3 Bf5 4. c4 c6 5. Nc3 e6 6. Nh4 Bg6 7. Nxg6 hxg6 8. Qb3
Qc7 9. g3 Nbd7 10. Bg2 Be7 11. O-O O-O 12. cxd5 exd5 13. f3 Qb6 14. Rd1 Rfe8
15. e4 dxe4 16. fxe4 Rad8 17. Bf4 Bb4 18. Na4 Qa5 19. a3 Bf8 20. Nc3 Nb6 21.
Qc2 Qh5 22. b4 g5 23. Bc1 Nc4 24. h3 a6 25. e5 Nd5 26. Nxd5 cxd5 27. g4 Qh6 28.
Qf5 Qb6 29. Kh1 f6 30. exf6 Nd6 31. Bxd5+ Kh8 32. Qxg5 gxf6 33. Qg8# 1-0

[Event "Gibraltar Chess Festival 2017 - Masters"]
[Site "Gibraltar ENG"]
[Date "2017.01.24"]
[Round "1.110"]
[White "Gravett, Alan D"]
[Black "Henderson De La Fuente, Lance"]
[Result "0-1"]
[WhiteElo "1820"]
[BlackElo "2380"]
[PlyCount "54"]
[EventDate "2017.01.24"]
[EventType "swiss"]
[EventRounds "10"]
[EventCountry "ENG"]
[SourceTitle "Ajedrez en Madrid"]
[Source "lmi"]
[SourceDate "2017.01.24"]

1. Nf3 Nf6 2. g3 b6 3. Bg2 Bb7 4. O-O g6 5. d3 d5 6. Ne5 Bg7 7. Nd2 Nfd7 8.
Nxd7 Nxd7 9. Nf3 c5 10. d4 O-O 11. c3 Re8 12. Rb1 e6 13. Bf4 f6 14. h4 Qe7 15.
Nh2 Kh8 16. Be3 Rad8 17. Qa4 a6 18. c4 cxd4 19. Bxd4 e5 20. Bc3 Nc5 21. Qb4 d4
22. Bd2 Bxg2 23. Kxg2 Qb7+ 24. Kg1 Bf8 25. Bc1 e4 26. Ng4 f5 27. Nf6 Nd7 0-1

[Event "Gibraltar Chess Festival 2017 - Masters"]
[Site "Gibraltar ENG"]
[Date "2017.01.24"]
[Round "1.111"]
[White "Nomin-Erdene, Davaademberel"]
[Black "Winter, Kevin"]
[Result "1-0"]
[WhiteElo "2378"]
[BlackElo "1818"]
[PlyCount "139"]
[EventDate "2017.01.24"]
[EventType "swiss"]
[EventRounds "10"]
[EventCountry "ENG"]
[SourceTitle "Ajedrez en Madrid"]
[Source "lmi"]
[SourceDate "2017.01.24"]

1. e4 d6 2. d4 Nf6 3. Nc3 Nbd7 4. Nf3 e5 5. Bc4 Be7 6. O-O c6 7. a4 Qc7 8. b3
h6 9. Bb2 O-O 10. Re1 Re8 11. Bd3 Nf8 12. Ne2 Ng6 13. Ng3 Bf8 14. h3 Nf4 15.
Bf1 Nh7 16. Qd2 Ng5 17. Nh2 g6 18. h4 Nh7 19. Ne2 Nxe2+ 20. Bxe2 Nf6 21. Bd3
Nh5 22. g3 Bd7 23. Rad1 Rad8 24. Qe3 b6 25. Qf3 Bc8 26. Bc4 Bg7 27. c3 Nf6 28.
Bd3 Qe7 29. Qg2 Qc7 30. c4 c5 31. d5 a5 32. f4 Nh7 33. fxe5 Bxe5 34. Bxe5 dxe5
35. g4 Rd6 36. Be2 Qe7 37. Qg3 g5 38. h5 Nf6 39. Bf3 Qd7 40. Rd2 Qe7 41. Nf1
Rf8 42. Ra2 Ne8 43. Qf2 Rf6 44. Ne3 Rf4 45. d6 Qxd6 46. Nd5 Nc7 47. Nxf4 gxf4
48. Rd2 Qe7 49. Red1 Ne6 50. Rd6 Ng5 51. Kf1 Nh3 52. Qd2 Ng5 53. Kg2 Ne6 54.
Qf2 Qg5 55. Rh1 Qg7 56. Qh4 Ng5 57. Rhd1 Ne6 58. Rxb6 f6 59. Rdd6 Qe7 60. Qe1
Nd4 61. Rd5 Nc2 62. Qf2 Ne3+ 63. Kh1 Nxd5 64. cxd5 f5 65. gxf5 Kh7 66. Rg6 Bd7
67. Kg1 c4 68. bxc4 Be8 69. Rg2 Qa3 70. c5 1-0

[Event "Gibraltar Chess Festival 2017 - Masters"]
[Site "Gibraltar ENG"]
[Date "2017.01.24"]
[Round "1.112"]
[White "Wilson, Matthew R"]
[Black "Szabo, Bence"]
[Result "0-1"]
[WhiteElo "1791"]
[BlackElo "2378"]
[PlyCount "52"]
[EventDate "2017.01.24"]
[EventType "swiss"]
[EventRounds "10"]
[EventCountry "ENG"]
[SourceTitle "Ajedrez en Madrid"]
[Source "lmi"]
[SourceDate "2017.01.24"]

1. e4 b6 2. d4 Bb7 3. Nc3 e6 4. Nf3 Bb4 5. Bd3 Nf6 6. Qe2 d5 7. Bg5 h6 8. Bxf6
Qxf6 9. O-O O-O 10. a3 Bxc3 11. bxc3 Nd7 12. Rfe1 Qd8 13. exd5 Bxd5 14. c4 Bb7
15. c3 Nf6 16. Ne5 Rc8 17. Bc2 c5 18. Qd3 Re8 19. Re3 Qd6 20. Rae1 cxd4 21.
cxd4 Red8 22. Nxf7 Kxf7 23. Qg6+ Kf8 24. Rxe6 Re8 25. Qf5 Rxe6 26. Rxe6 Qxd4
0-1

[Event "Gibraltar Chess Festival 2017 - Masters"]
[Site "Gibraltar ENG"]
[Date "2017.01.24"]
[Round "1.113"]
[White "Gara, Ticia"]
[Black "Murray, J Stephen"]
[Result "1-0"]
[WhiteElo "2378"]
[BlackElo "1789"]
[PlyCount "55"]
[EventDate "2017.01.24"]
[EventType "swiss"]
[EventRounds "10"]
[EventCountry "ENG"]
[SourceTitle "Ajedrez en Madrid"]
[Source "lmi"]
[SourceDate "2017.01.24"]

1. d4 Nf6 2. c4 e6 3. Nf3 d5 4. g3 Be7 5. Bg2 O-O 6. O-O dxc4 7. Qc2 a6 8. a4
Bd7 9. Rd1 Bc6 10. Nc3 Nbd7 11. e4 b6 12. d5 exd5 13. e5 Ne8 14. Nxd5 Bxd5 15.
Rxd5 c6 16. Rd1 Qc7 17. Bf4 Nc5 18. e6 Qc8 19. exf7+ Rxf7 20. Ne5 Rf6 21. Qxc4+
Qe6 22. Qxe6+ Rxe6 23. Bxc6 Rxc6 24. Nxc6 Bf6 25. Be5 Bxe5 26. Nxe5 Nf6 27. b4
Nce4 28. Nd7 1-0

[Event "Gibraltar Chess Festival 2017 - Masters"]
[Site "Gibraltar ENG"]
[Date "2017.01.24"]
[Round "1.114"]
[White "Christophe-Hayot, Romain"]
[Black "Kozak, Adam"]
[Result "0-1"]
[WhiteElo "1784"]
[BlackElo "2376"]
[PlyCount "72"]
[EventDate "2017.01.24"]
[EventType "swiss"]
[EventRounds "10"]
[EventCountry "ENG"]
[SourceTitle "Ajedrez en Madrid"]
[Source "lmi"]
[SourceDate "2017.01.24"]

1. e4 c5 2. Nf3 d6 3. Nc3 Nf6 4. Bb5+ Bd7 5. e5 dxe5 6. Nxe5 Bxb5 7. Nxb5 a6 8.
Nc3 e6 9. O-O Be7 10. Re1 O-O 11. d3 Nbd7 12. Bf4 Nb6 13. Bg3 Nbd5 14. Ne4 Rc8
15. a3 b5 16. c4 Nxe4 17. dxe4 Nb6 18. cxb5 axb5 19. Qe2 c4 20. Red1 Qe8 21.
Nf3 Na4 22. Qc2 Nc5 23. Bd6 Nd3 24. Bxe7 Qxe7 25. b3 Qb7 26. bxc4 bxc4 27. Ne1
Nc5 28. f3 Nb3 29. Ra2 Qb6+ 30. Qf2 Qa5 31. h3 h6 32. g4 Rfd8 33. Rxd8+ Rxd8
34. Qe2 Nc1 35. Qxc4 Nxa2 36. Nd3 Qc3 0-1

[Event "Gibraltar Chess Festival 2017 - Masters"]
[Site "Gibraltar ENG"]
[Date "2017.01.24"]
[Round "1.115"]
[White "Soumya, Swaminathan"]
[Black "Ford, Clifton P"]
[Result "1-0"]
[WhiteElo "2375"]
[BlackElo "1781"]
[PlyCount "45"]
[EventDate "2017.01.24"]
[EventType "swiss"]
[EventRounds "10"]
[EventCountry "ENG"]
[SourceTitle "Ajedrez en Madrid"]
[Source "lmi"]
[SourceDate "2017.01.24"]

1. e4 e6 2. d4 d5 3. Nc3 Bb4 4. e5 c5 5. a3 Bxc3+ 6. bxc3 Qc7 7. Qg4 f5 8. Qg3
cxd4 9. cxd4 Ne7 10. Bd2 O-O 11. Bd3 b6 12. Ne2 Ba6 13. h4 Bxd3 14. cxd3 Nbc6
15. h5 Rac8 16. Rh4 Na5 17. Nf4 Qd7 18. Bb4 Nb3 19. Rd1 Nxd4 20. Ng6 Nc2+ 21.
Ke2 Nxg6 22. hxg6 Nxb4 23. Rxh7 1-0